header

Exponential distribution (Record no. 176206)

MARC details
000 -LEADER
fixed length control field 01680nam a2200373 a 4500
082 04 - DEWEY DECIMAL CLASSIFICATION NUMBER
Classification number 519.2/4
100 1# - MAIN ENTRY--AUTHOR NAME
Personal name Ahsanullah, M.
245 10 - TITLE STATEMENT
Title Exponential distribution
260 ## - PUBLICATION, DISTRIBUTION, ETC. (IMPRINT)
Place of publication Hauppauge, N.Y. :
Name of publisher Nova Science Publishers,
Year of publication c2010.
300 ## - PHYSICAL DESCRIPTION
Number of Pages x, 144 p. :
Other physical details ill.
490 1# - SERIES STATEMENT
Series statement Mathematics research developments
505 0# - FORMATTED CONTENTS NOTE
Formatted contents note Order statistics -- Record values -- Generalized order statistics -- Characterizations of exponential distribution based on order statistics -- Characterizations of exponential distribution based on record values.
650 #0 - SUBJECT ADDED ENTRY--TOPICAL TERM
Topical Term Distribution (Probability theory)
Topical Term Exponential families (Statistics)
Topical Term Order statistics.
700 1# - ADDED ENTRY--PERSONAL NAME
Personal name Hamedani, G. G.
856 40 - ELECTRONIC LOCATION AND ACCESS
Uniform Resource Identifier http://site.ebrary.com/lib/rucke/Doc?id=10671309

No items available.

© 2026 Rongo University
Contact us: librarian | system librarian | Rongo university